Aula de Arte (Registo nº 2635)
[ vista simples ]
| 000 -Etiqueta do registo | |
|---|---|
| Cabeçalho | 00934nam a22003011 4500 |
| 005 - Identificador da versão | |
| Campo de controlo | 20240813121940.0 |
| 095 ## - | |
| -- | PTBN00433134 |
| 010 ## - Número internacional normalizado dos livros (ISBN) | |
| Número (ISBN) | 9895501757 |
| 100 ## - Dados gerais de processamento | |
| Dados gerais de processamento | 20050526d2004 bc y0pory5003 ba |
| 102 ## - Pais de publicação ou produção | |
| País de publicação | Portugal |
| 101 1# - Língua de publicação | |
| Língua do texto, banda sonora, etc. | Português |
| Língua do documento no original | Inglês |
| 106 ## - Campo de dados codificados: material textual | |
| Dados codificados do material textual | r |
| 105 ## - Campo de dados codificados: livros | |
| Dados codificados dos livros | a z 001yy |
| 215 ## - Descrição física | |
| Indicação específica da natureza do documento e extensão da espécie | 47, [1] p. |
| Outras indicações físicas | muito il. fotog. |
| Dimensões | 29 cm |
| 200 1# - Titulo e menção de responsabilidade | |
| Título próprio | Aula de Arte |
| Informação de outro título | quadros |
| Primeira menção de responsabilidade | Nellie Shepherd |
| Outras menções de responsabilidade | fotog. Stephen Hepworth |
| -- | trad. Manuela Junqueira |
| 225 2# - Colecção | |
| Título próprio da colecção | Ideias criativas para mãos pequenas |
| 210 ## - Publicação, Distribuição, etc. | |
| Lugar da edição, distribuição, etc. | Porto |
| Nome do editor, distribuidor, etc. | Civilização/Dorling Kindersley |
| Data da publicação, distribuição, etc. | cop. 2004 |
| 304 ## - Notas relativas a título e menção de responsabilidade | |
| Texto da nota | Tít. orig.: My Picture Art class |
| 606 ## - Nome comum usado como assunto | |
| Número de registo de entrada de autoridade | 0001439 |
| Palavra de ordem | Arte |
| Subdivisão de assunto | Trabalhos manuais |
| 675 ## - Classificação Decimal Universal (CDU) | |
| Notação | 745 |
| Edição | 2ª |
| Língua da edição | por |
| 702 #1 - Nome de autor-pessoa física (responsabilidade secundária) | |
| Número de registo de entrada de autoridade | 0001442 |
| Palavra de ordem | Hepworth |
| Outra parte do nome não tomada para palavra de ordem | Stephen |
| Código de função | Fotógrafo |
| Número de registo de entrada de autoridade | 0001444 |
| Palavra de ordem | Junqueira |
| Outra parte do nome não tomada para palavra de ordem | Manuela |
| Código de função | Tradutor |
| 700 #1 - Nome de autor-pessoa física (responsabilidade principal) | |
| Número de registo de entrada de autoridade | 0001441 |
| Palavra de ordem | Shepherd |
| Outra parte do nome não tomada para palavra de ordem | Nellie |
| 942 ## - Elementos de entrada adicionados (Koha) | |
| Tipo de item no Koha | Livro |
| Situação do levantamento | Origin of item (home branch) (coded) | Biblioteca de empréstimo | Código de barras | Cota | Circulation type (not for loan) | Tipo de documento | Nota do exemplar | Damaged status |
|---|---|---|---|---|---|---|---|---|
| Biblioteca Escolar da Coca Maravilhas | Biblioteca Escolar da Coca Maravilhas | BECM7030/05 | 7TMA SHE | Livro | Sem mensagem |
